LEADER 01323nam1-2200445---450- 001 990000548090203316 005 20100111105018.0 035 $a0054809 035 $aUSA010054809 035 $a(ALEPH)000054809USA01 035 $a0054809 100 $a20010706d1999----km-y0itay0103----ba 101 $aita 102 $aIT 105 $a||||||||001yy 200 1 $a<> protezione delle opere dell'ingegno$fVittorio M. De Sanctis 210 $aMilano$cGiuffrè$d1999 215 $av.$d24 cm 225 2 $aIl diritto privato oggi 410 $12001$aIl diritto privato oggi 461 1$1001-------$12001 606 0 $aDiritti d'autore$xTutela 676 $a346.450482 700 1$aDE SANCTIS,$bVittorio M.$0227628 801 0$aIT$bsalbc$gISBD 912 $a990000548090203316 951 $aXXV.1. Coll. 1/ 41 (COLL. PBG 55)$bG$cCOLL. PBG 951 $aCOLL B XIV 180$bDIRCE 959 $aBK 969 $aGIU 969 $aDIRCE 969 $aUMA 979 $aPATTY$b90$c20010706$lUSA01$h1213 979 $c20020403$lUSA01$h1704 979 $aPATRY$b90$c20040406$lUSA01$h1638 979 $aDIRCE$b90$c20050908$lUSA01$h1342 979 $aDIRCE$b90$c20050908$lUSA01$h1346 979 $aRSIAV4$b90$c20100111$lUSA01$h1050 996 $aProtezione delle opere dell'ingegno$9666720 997 $aUNISA LEADER 01131nam0 22002651i 450 001 UON00395715 005 20231205104634.175 010 $a88-317-4821-1 100 $a20110713d1985 |0itac50 ba 101 $aita 102 $aIT 105 $a|||| ||||| 200 1 $aDa Pechino a Parigi in sessanta giorni$ela metà del mondo vista da un'automobile$fLuigi Barzini$gpresentazione di Ludina Barzini - Venezia$eMarsilio, 1985 - 357 p. : ill. ; 29 cm. 606 $aRAID AUTOMOBILISTICO PECHINO-PARIGI, 1907$3UONC078906$2FI 620 $aIT$dVenezia$3UONL000039 676 $a796.7$cGUIDA DI VECOLI A MOTORE$v22 700 1$aBARZINI$bLuigi$3UONV119048$0322851 702 1$aBARZINI$bLudina$3UONV203452 712 $aMarsilio$3UONV246600$4650 801 $aIT$bSOL$c20250613$gRICA 899 $aSIBA - SISTEMA BIBLIOTECARIO DI ATENEO$2UONSI 912 $aUON00395715 950 $aSIBA - SISTEMA BIBLIOTECARIO DI ATENEO$dSI FS FS SMARRITO $eSI FP 4307 6 SMARRITO $sSmarrito 996 $aDa Pechino a Parigi in sessanta giorni$91352516 997 $aUNIOR